000 00748cam a2200265Ia 4500
999 _c4356
_d4356
001 21323
003 GBCCL
005 20241126110516.0
008 860128s1957 miu b 001 0 eng d
010 _a 57007391
020 _a0802832547
035 _a(OCoLC)13074699
040 _aNCA
_cNCA
049 _aLBBK
_c1-3
_aLBBC
082 _a228.06
_bTEN
092 _a228.1
_bT299
100 1 _aTenney, Merrill Chapin,
_d1904-
_98197
245 1 0 _aInterpreting Revelation /
_cMerrill C. Tenney.
260 _aGrand Rapids :
_bEerdmans,
_cc1957
_g(1978 printing)
300 _a220 p. ;
_c23 cm.
500 _aIncludes index.
504 _aBibliography: p. 207-211.
630 0 0 _aBible.
_pN.T.
_pRevelation
_xCommentaries.
_98161
942 _2ddc
_cBK
_09